US-China Strategic Competition : (Record no. 12517)
[ view plain ]
| 000 -LEADER | |
|---|---|
| fixed length control field | 01899nam a22003255a 4500 |
| 001 - CONTROL NUMBER | |
| JCCL Control Number | 12517 |
| 003 - CONTROL NUMBER IDENTIFIER | |
| JCCL marc code | BD-JhCC |
| 005 - DATE AND TIME OF LATEST TRANSACTION | |
| control field | 20220612124855.0 |
| 008 - FIXED-LENGTH DATA ELEMENTS--GENERAL INFORMATION | |
| fixed length control field | 220611s2015 gw |||| o |||| 0|eng |
| 020 ## - INTERNATIONAL STANDARD BOOK NUMBER | |
| International Standard Book Number | 9783662466605 |
| 035 ## - SYSTEM CONTROL NUMBER | |
| system control number | BD-JhCC (12517) |
| 040 ## - CATALOGING SOURCE | |
| Original cataloging agency | DLC |
| Description conventions | pn |
| -- | rda |
| Transcribing agency | DLC |
| Modifying agency | BD-JhCC |
| 041 ## - LANGUAGE CODE | |
| Language code of Book | eng |
| 072 #7 - SUBJECT CATEGORY CODE | |
| Subject category code | JPS |
| Source | bicssc |
| 082 04 - DEWEY DECIMAL CLASSIFICATION NUMBER | |
| Classification number | 327 |
| DDC Edition number | 23 |
| Author mark and Year | ALI 2015 |
| 100 1# - MAIN ENTRY--PERSONAL NAME | |
| Personal name | Ali, S. Mahmud. |
| 245 10 - TITLE STATEMENT | |
| Title | US-China Strategic Competition : |
| Remainder of title | Towards a New Power Equilibrium / |
| Statement of responsibility, etc | by S. Mahmud Ali. |
| 250 ## - EDITION STATEMENT | |
| Edition statement | 1st ed. 2015. |
| 260 ## - PUBLICATION, DISTRIBUTION, ETC. (IMPRINT) | |
| Place of publication, distribution, etc | London : |
| Name of publisher, distributor, etc | Springer, |
| Date of publication, distribution, etc | 2015. |
| 300 ## - PHYSICAL DESCRIPTION | |
| Pagination | 1 online resource (XIV, 230 pages) |
| Dimensions | 21 cm. |
| 505 0# - FORMATTED CONTENTS NOTE | |
| Formatted contents note | Preface -- 1 From Tacit Allies to Strategic Competitors -- 2 System Transitional Fluidity -- 3 The Asian Pivot and a New Bipolarity -- 4 Maritime Disputes: Regional Hotspots or Systemic Flashpoints? -- 5 Strategic Competition in a Globalised World -- 6 Accommodation or Annihilation?. |
| 520 ## - SUMMARY, ETC. | |
| Summary, etc | This book examines the nature and consequences of strategic competition between the US and China, which affects the global security landscape and the emerging security architecture across the broader Asia-Pacific region. The author illustrates the evolution of Sino-US security interactions from the anti-Soviet alliance, to temporary marginalization, to eventual strategic competition and examines cases that could potentially escalate into greater conflicts. The analysis offers tantalizing glimpses into both the dangers and promising opportunities presented by this strategic fork in the road, making it of great interest to researchers and scholars in the fields of international relations and security studies. |
| 650 #0 - SUBJECT ADDED ENTRY--TOPICAL TERM | |
| Topical term or geographic name as entry element | History. |
| 650 #0 - SUBJECT ADDED ENTRY--TOPICAL TERM | |
| Topical term or geographic name as entry element | Human geography. |
| 650 #0 - SUBJECT ADDED ENTRY--TOPICAL TERM | |
| Topical term or geographic name as entry element | International relations. |
| 650 14 - SUBJECT ADDED ENTRY--TOPICAL TERM | |
| Topical term or geographic name as entry element | International Relations. |
| 650 24 - SUBJECT ADDED ENTRY--TOPICAL TERM | |
| Topical term or geographic name as entry element | History, general. |
| 650 24 - SUBJECT ADDED ENTRY--TOPICAL TERM | |
| Topical term or geographic name as entry element | Human Geography. |
| 942 ## - ADDED ENTRY ELEMENTS (KOHA) | |
| Source of classification or shelving scheme | Dewey Decimal Classification |
| Koha item type | Books |
| Source of classification or shelving scheme | Damaged status | Not for loan | Home library | Current library | Shelving location | Date of accession | Total Checkouts | Full call number | Barcode | Date last seen | Date checked out | Copy number | Koha item type |
|---|---|---|---|---|---|---|---|---|---|---|---|---|---|
| Dewey Decimal Classification | JCC Rouf Library | JCC Rouf Library | General Stacks | 06/12/2022 | 1 | 327 ALI 2015 | 17374 | 09/04/2024 | 08/25/2024 | C-1 | Books |